Doctors / (Record no. 1038)

000 -LEADER
fixed length control field 01022nam a22003137a 4500
001 - CONTROL NUMBER
control field 2910058
003 - CONTROL NUMBER IDENTIFIER
control field OSt
005 - DATE AND TIME OF LATEST TRANSACTION
control field 20210426120826.0
008 - FIXED-LENGTH DATA ELEMENTS--GENERAL INFORMATION
fixed length control field 880420s1988 onc 000 1 eng
010 ## - LIBRARY OF CONGRESS CONTROL NUMBER
LC control number 88014547
020 ## - INTERNATIONAL STANDARD BOOK NUMBER
International Standard Book Number 0553052942
040 ## - CATALOGING SOURCE
Original cataloging agency DLC
Transcribing agency DLC
Modifying agency DLC
-- OCoLC
-- DLC
Language of cataloging eng
041 ## - LANGUAGE CODE
Language code of text/sound track or separate title eng
050 00 - LIBRARY OF CONGRESS CALL NUMBER
Classification number PS3569.E4
Item number D64 1988
080 ## - UNIVERSAL DECIMAL CLASSIFICATION NUMBER
Universal Decimal Classification number 821.111
Item number S-43
082 00 - DEWEY DECIMAL CLASSIFICATION NUMBER
Classification number 813/.54
Edition number 19
100 1# - MAIN ENTRY--PERSONAL NAME
Personal name Segal, Erich,
Dates associated with a name 1937-2010.
245 10 - TITLE STATEMENT
Title Doctors /
Statement of responsibility, etc. Erich Segal.
Remainder of title / by: Bantam Books
260 ## - PUBLICATION, DISTRIBUTION, ETC.
Place of publication, distribution, etc. Toronto ;
-- New York :
Name of publisher, distributor, etc. Bantam Books
Date of publication, distribution, etc. 1988.
300 ## - PHYSICAL DESCRIPTION
Extent 679 p.
Dimensions 24 cm.
365 ## - TRADE PRICE
Price amount 19.95 usd
650 #0 - SUBJECT ADDED ENTRY--TOPICAL TERM
9 (RLIN) 247
Topical term or geographic name entry element English literature
653 ## - INDEX TERM--UNCONTROLLED
Uncontrolled term ინგლისური ლიტერატურა
653 ## - INDEX TERM--UNCONTROLLED
Uncontrolled term მოთხრობები მედიცინაზე
655 #7 - INDEX TERM--GENRE/FORM
Genre/form data or focus term Medical novels.
Source of term gsafd
856 42 - ELECTRONIC LOCATION AND ACCESS
Materials specified Publisher description
Uniform Resource Identifier <a href="http://www.loc.gov/catdir/description/random0410/88014547.html">http://www.loc.gov/catdir/description/random0410/88014547.html</a>
906 ## - LOCAL DATA ELEMENT F, LDF (RLIN)
a 7
b cbc
c orignew
d 1
e ocip
f 19
g y-gencatlg
942 ## - ADDED ENTRY ELEMENTS (KOHA)
Source of classification or shelving scheme
Koha item type Books
Holdings
Withdrawn status Lost status Source of classification or shelving scheme Damaged status Not for loan Permanent location Current location Date acquired Inventory number Total Checkouts Full call number Barcode Date last seen Price effective from Koha item type
          Ken Walker International University Ken Walker International University 01/28/2021 2555   821.111 S-43 2555 01/28/2021 01/28/2021 Books

Powered by Koha